Engineering design methods : (Record no. 12814)

MARC details
000 -LEADER
fixed length control field 01329cam a22003375a 4500
001 - CONTROL NUMBER
control field 15149052
003 - CONTROL NUMBER IDENTIFIER
control field OSt
005 - DATE AND TIME OF LATEST TRANSACTION
control field 20150817151826.0
008 - FIXED-LENGTH DATA ELEMENTS--GENERAL INFORMATION
fixed length control field 080122s2008 enka frb 001 0 eng
010 ## - LIBRARY OF CONGRESS CONTROL NUMBER
LC control number 2008002727
020 ## - INTERNATIONAL STANDARD BOOK NUMBER
International Standard Book Number 9780470519264 (pbk. : alk.paper)
035 ## - SYSTEM CONTROL NUMBER
System control number (OCoLC)ocn191090438
035 ## - SYSTEM CONTROL NUMBER
System control number (OCoLC)191090438
040 ## - CATALOGING SOURCE
Original cataloging agency DLC
Language of cataloging eng
Transcribing agency DLC
Modifying agency BAKER
-- BWKUK
-- YDXCP
-- BWX
-- BTCTA
-- DLC
-- EG-ScBUE
050 00 - LIBRARY OF CONGRESS CALL NUMBER
Classification number TA174
Item number .C76 2008
082 04 - DEWEY DECIMAL CLASSIFICATION NUMBER
Classification number 620.0042
Item number CRO
Edition number 22
100 1# - MAIN ENTRY--PERSONAL NAME
Personal name Cross, Nigel,
Dates associated with a name 1942-
9 (RLIN) 8962
245 10 - TITLE STATEMENT
Title Engineering design methods :
Remainder of title strategies for product design /
Statement of responsibility, etc Nigel Cross.
250 ## - EDITION STATEMENT
Edition statement 4th ed.
260 ## - PUBLICATION, DISTRIBUTION, ETC. (IMPRINT)
Place of publication, distribution, etc Chichester, England :
-- Hoboken, NJ :
Name of publisher, distributor, etc John Wiley& Sons ,
Date of publication, distribution, etc c. 2008.
300 ## - PHYSICAL DESCRIPTION
Extent xii, 217 p. :
Other physical details ill. ;
Dimensions 25 cm.
500 ## - GENERAL NOTE
General note Index : p. 215-217.
504 ## - BIBLIOGRAPHY, ETC. NOTE
Bibliography, etc Bibliography : p. 213-214.
650 #0 - SUBJECT ADDED ENTRY--TOPICAL TERM
Topical term or geographic name as entry element Engineering design.
9 (RLIN) 8963
Source of heading or term BUEsh
650 #0 - SUBJECT ADDED ENTRY--TOPICAL TERM
Topical term or geographic name as entry element Product design
Source of heading or term BUEsh
856 42 - ELECTRONIC LOCATION AND ACCESS
Materials specified Publisher description
Uniform Resource Identifier <a href="http://www.loc.gov/catdir/enhancements/fy0810/2008002727-d.html">http://www.loc.gov/catdir/enhancements/fy0810/2008002727-d.html</a>
856 41 - ELECTRONIC LOCATION AND ACCESS
Materials specified Table of contents only
Uniform Resource Identifier <a href="http://www.loc.gov/catdir/enhancements/fy0810/2008002727-t.html">http://www.loc.gov/catdir/enhancements/fy0810/2008002727-t.html</a>
906 ## - LOCAL DATA ELEMENT F, LDF (RLIN)
a 7
b cbc
c orignew
d 1
e ecip
f 20
g y-gencatlg
942 ## - ADDED ENTRY ELEMENTS (KOHA)
Source of classification or shelving scheme Dewey Decimal Classification
Call number prefix 620.0042 CRO
Item type Book - Borrowing
Holdings
Withdrawn status Item status Source of classification or shelving scheme Damaged status Not for loan Home library Current library Shelving location Date acquired Source of acquisition Total Checkouts Total Renewals Full call number Barcode Date last seen Date last borrowed Koha item type
    Dewey Decimal Classification     Central Library Central Library First floor 19/10/2009   3 7 620.0042 CRO 000018383 15/07/2025 03/04/2012 Book - Borrowing
    Dewey Decimal Classification     Central Library Central Library First floor 19/10/2009       620.0042 CRO 000018390 15/07/2025   NB - Book (Non borrowing)